L'Egypte en images - Statistiques

Statistiques générales
  • Ce quiz a été pris 780 fois
  • Le résultat moyen est 13 sur 18
Statistiques - réponses
Par images Hint Réponse % Correct
Monument Pyramides de Gizeh
99%
Reine Cléopâtre
96%
Fleuve Nil
96%
Canal Canal de {Suez}
94%
Monument Sphinx
91%
Système d'écriture Hiéroglyphes
89%
Ville Alexandrie
83%
Pharaon Toutankhamon
82%
Merveille du monde antique Phare d'Alexandrie
78%
Prophète Moïse
77%
Film OSS 117 : Le Caire, nid d'espions
69%
Dieu Anubis
65%
Lieu Grand souk du Caire
52%
Cité antique Thèbes
48%
Péninsule Sinaï
42%
Roman Mort sur le Nil
40%
Invention Papyrus
40%
Président Gamal Abdel Nasser
36%
Aucun quiz correspondant
Distribution des résultats
% des personnes avec chaque résultat
Percentile par nombre de réponses
Votre historique - résultats
Vous n’avez pas pris ce quiz